Normal view MARC view

Entry Personal Name

Number of records used in: 12

001 - CONTROL NUMBER

  • control field: 158651

003 - CONTROL NUMBER IDENTIFIER

  • control field: OSt

005 - DATE AND TIME OF LATEST TRANSACTION

  • control field: 20220923211134.0

008 - FIXED-LENGTH DATA ELEMENTS

  • fixed length control field: 220923|| aca||aabn | a|a d

040 ## - CATALOGING SOURCE

  • Original cataloging agency: OSt
  • Transcribing agency: OSt

100 ## - HEADING--PERSONAL NAME

  • Personal name: गौतम, ब्रजेन्द्र प्रताप

670 ## - SOURCE DATA FOUND

  • Source citation: Work cat.: (OSt)295829: गौतम, ब्रजेन्द्र प्रताप, 1998 बारहवीं लोकसभा निर्वाचन एवं विश्लेषण, 1998
Copyright @ Delhi University Library System